Wybierz kręgowca-Nagła śmierć! - Statystyki

Ogólne statystyki
  • Ten quiz został rozwiązany 34 razy
  • Średni wynik to 2 z 12
Answers on the Grid
Answers color-coded by a green-red scale on the quiz's grid according to % correct below.
Lancyk Lancykowaty
Minog Strumieniowy
Dziobak
Śluzica Pospolita
Żeglarz Portugalski
Marszczelec Pierścieniowy
Śluzica Brunatna
Amfisbena
wstężnica
Płazak
Drucieniec
Rozgwiazda czerwona
Rybik cukrowy
Chiasmocleis ventrimaculata
Ślepiec
Kur diabeł
Skorpion Wodny
Świnia morska
Zając morski
Motyl morski
Wodnik
Osłonice
Smok Morski
Wężowidło
 
Statystyki odpowiedzi
Odpowiedź % Poprawnych
Dziobak
100%
Minog Strumieniowy
24%
Ślepiec
12%
Kur diabeł
6%
Marszczelec Pierścieniowy
6%
Płazak
6%
Skorpion Wodny
6%
Śluzica Brunatna
6%
Amfisbena
0%
Chiasmocleis ventrimaculata
0%
Osłonice
0%
Wodnik
0%
Nie znaleziono quizów pasujących do podanych kryteriów
Rozkład punktacji
Procent ludzi z każdym wynikiem
Percentyl według liczby udzielonych odpowiedzi
Twoja historia wyników
Nie rozwiązałeś tego quizu